Corporate governance in a globalising world (Record no. 65558)
[ view plain ]
| 000 -LEADER | |
|---|---|
| fixed length control field | 01447nam a22003134a 4500 |
| 082 04 - DEWEY DECIMAL CLASSIFICATION NUMBER | |
| Classification number | 302.3/5/094 |
| 100 1# - MAIN ENTRY--AUTHOR NAME | |
| Personal name | Berghe, L. van den |
| 245 10 - TITLE STATEMENT | |
| Title | Corporate governance in a globalising world |
| 260 ## - PUBLICATION, DISTRIBUTION, ETC. (IMPRINT) | |
| Place of publication | Boston : |
| Name of publisher | Kluwer Academic Publishers, |
| Year of publication | c2002. |
| 300 ## - PHYSICAL DESCRIPTION | |
| Number of Pages | xiii, 223 p. |
| 650 #0 - SUBJECT ADDED ENTRY--TOPICAL TERM | |
| Topical Term | Corporate governance |
| Topical Term | Boards of directors |
| Topical Term | Convergence (Economics) |
| 856 40 - ELECTRONIC LOCATION AND ACCESS | |
| Uniform Resource Identifier | http://site.ebrary.com/lib/rucke/Doc?id=10052689 |
No items available.
